Development of rural local self-government (Record no. 356200)

000 -LEADER
fixed length control field 00366cam a22001217a 4500
008 - FIXED-LENGTH DATA ELEMENTS--GENERAL INFORMATION
fixed length control field 180718b1983 xxu||||| |||| 00| 0 eng d
082 ## - DEWEY DECIMAL CLASSIFICATION NUMBER
Classification number B73x5452 V559
100 ## - MAIN ENTRY--PERSONAL NAME
Personal name Venkatesan, G.
245 ## - TITLE STATEMENT
Title Development of rural local self-government
Statement of responsibility, etc. by G. Venkatesan
260 ## - PUBLICATION, DISTRIBUTION, ETC.
Place of publication, distribution, etc. Coimbatore
Name of publisher, distributor, etc. Rainbow
Date of publication, distribution, etc. 1983
300 ## - PHYSICAL DESCRIPTION
Extent 387p.
650 ## - SUBJECT ADDED ENTRY--TOPICAL TERM
Topical term or geographic name entry element Village panchayat - India - Tamil Nadu
Holdings
Withdrawn status Lost status Damaged status Not for loan Permanent Location Current Location Date acquired Full call number Barcode Date last seen Price effective from Koha item type
        Indian Institute of Public Administration Indian Institute of Public Administration 1994-01-03 B73x5452 V559 64811 2018-07-21 2018-07-21 Book

Powered by Koha